000 00828nam a2200181 a 4500
001 000031592
005 20240409073643.0
008 110628t1952 dr 001 0dspa d
040 _aDO-SdBNP
_bspa
_cBNPHU
082 _aF-RD 65
245 0 0 _aReseña de los actos efectuados con motivo del 84 aniversario de la Restauración Nacional y de la juramentación presidencial del generalísimo Dr. Rafael Leonidas Trujillo Molina :
_bpara el período 1947-1952.
260 _aSan Pedro de Macorís, República Dominicana :
_bComité de Festejos,
_c[1952].
_fImprenta Rincón,
300 _a62 p. ;
_c24 cm.
600 1 0 _aTrujillo Molina, Rafael Leónidas,
_d 1891-1961
_976764
651 4 _aRepública Dominicana
_xPolítica Y Gobierno
_yERA DE TRUJILLO, 1930-1961
_91374
910 _aValidado. Control de calidad EMS.
049 _aBNPD
999 _c31084
_d31084